Star Trek Voyager Episode Titles - Statistics

General Stats
  • This quiz has been taken 235 times
  • The average score is 65 of 160
Answer Stats
Hint Answer % Correct
Pilot Caretaker Parts 1 & 2
86%
Tuvok + Neelix = Tuvix
85%
Seven must man the ship alone One
75%
Finale Endgame Parts 1 & 2
72%
Depressed Janeway Night
72%
Amelia Earhart The 37's
71%
Q has girlfriend problems The Q and the Grey
71%
The Hansen's ship The Raven
71%
Temporal genocide is being committed Year of Hell Parts 1 & 2
71%
The Borg resistance Unimatrix Zero Parts 1 & 2
69%
A new Starfleet crew that has decided to get home at any cost Equinox Parts 1 & 2
68%
Janeway's godson is in trouble Q2
68%
Enter Seven of Nine Scorpion Parts 1 & 2
68%
Stolen lungs Phage
65%
Exit Kes The Gift
63%
Romulans Eye of the Needle
62%
Irish town Fair Haven
62%
World War Two The Killing Game Parts 1 & 2
60%
29th-century Borg Drone
58%
The return of Kes Fury
58%
Voyager lies frozen for 15 years Timeless
58%
The Kazon take the ship Basics Parts 1 & 2
57%
"Warp particles!" Parallax
57%
Queen of the Spider People Bride of Chaotica!
55%
1996 Future's End Parts 1 & 2
55%
Captain's-eyes-only mandate The Omega Directive
55%
Tom gets demoted Thirty Days
55%
Janeway plays cat-and-mouse with Kashyk Counterpoint
54%
Harry, Tom, and the world's worst slide The Chute
54%
"There's coffee in that nebula." The Cloud
54%
A Q's right to die Death Wish
51%
Silver blood Demon
51%
Dear John Hunters
51%
Tuvok the drill sergeant Learning Curve
51%
People walking around with needles in their skulls Scientific Method
51%
USS Dauntless Hope and Fear
49%
Hirogen and 8472 Prey
49%
Ships form an alliance The Void
49%
Janeway and Tom have lizard babies Threshold
49%
Kes' biological clock starts ticking Elogium
48%
B'Elanna x 2 Faces
48%
The Metreon Cascade, aka the destruction of Rinax Jetrel
48%
Chakotay in the boxing ring The Fight
48%
Jason Alexander wants Seven's brain Think Tank
48%
The ship rearranges itself on Kes' birthday Twisted
48%
Shannon O'Donnell 11:59
46%
B'Elanna's mother Barge of the Dead
46%
700 years in the future Living Witness
46%
Travel one day back in time Time and Again
46%
Paris really likes his new ship Alice
45%
A bomb B'Elanna programmed in the Alpha Quadrant is confused Dreadnought
45%
Janeway guides some "lost lambs" Good Shepherd
45%
Really. Big. Germs. And badass Janeway. Macrocosm
45%
Reg Barclay Pathfinder
45%
Neelix tells a ghost story The Haunting of Deck Twelve
45%
The Doctor gets lost in daydreams Tinker Tenor Doctor Spy
45%
Voyager and the Kazon join up with each other Alliances
43%
Paris and Torres: "I love you." Day of Honor
43%
The Doctor's holonovel causes controversy Author, Author
42%
Cucumber sandwiches in the mess hall Persistence of Vision
42%
Seven becomes a gladiator Tsunkatse
42%
The Doctor wants to sing for an audience Virtuoso
42%
Brainwashing Workforce Parts 1 & 2
42%
Voyager spends centuries becoming part of a civilizations's folklore Blink of an Eye
40%
Pon Farr Blood Fever
40%
Da Vinci's hang glider Concerning Flight
40%
Beowulf Heroes and Demons
40%
B'Elanna becomes a playwright Muse
40%
Captain Braxton Relativity
40%
The Doctor and Tom play tonsil hockey Renaissance Man
40%
Seven goes on a date Someone to Watch Over Me
40%
Janeway and her holographic boyfriend Spirit Folk
40%
Admiral Edward Janeway Coda
38%
Seven re-joins the Collective Dark Frontier Parts 1 & 2
38%
Ensign Jetal Latent Image
38%
Chakotay gets brainwashed Nemesis
38%
Space elevator Rise
38%
"The only thing we have to fear is fear itself!" The Thaw
38%
Seven makes everyone paranoid The Voyager Conspiracy
38%
Body swapping Vis A Vis
38%
Kes turns a bit...despotic Warlord
38%
In stasis for 900 years Dragon's Teeth
37%
Captain Hikaru Sulu guest stars Flashback
37%
First Starfleet mission in six years Friendship One
37%
Seven is a Ferengi, a Klingon, and a child (among others) Infinite Regress
37%
Down and dirty on a Malon freighter Juggernaut
37%
Identity theft Live Fast and Prosper
37%
Contact with the Alpha Quadrant Message in a Bottle
37%
Harry gets his first command Nightingale
37%
Flotter Once Upon A Time
37%
The crew is on the other side of the Prime Directive now Prime Factors
37%
"Temporal prime directive!" Shattered
37%
Native American symbol on a Delta Quadrant planet Tattoo
37%
Insurrection Alpha Worst Case Scenario
37%
Suspiria Cold Fire
35%
Borglings Collective
35%
Aliens take the ship, one crewperson at a time Displaced
35%
The first time Harry dies Emanations
35%
The dog witnessed the crime Ex Post Facto
35%
Premiere of A Briefing With Neelix Investigations
35%
Talaxian afterlife: the Great Forest Mortal Coil
35%
B'Elanna lives someone else's life through her dreams Remember
35%
Chakotay's medicine wheel Cathexis
34%
Silver blood part 2 Course: Oblivion
34%
Janeway x 2 Deadlock
34%
Two Ferengi playing god False Profits
34%
The crew has flashbacks to a war they were never in Memorial
34%
When all Janeway/Chakotay shippers melted into a puddle Resolutions
34%
The Doctor gives himself multiple personality disorder Darkling
32%
Dinosaurs in space! Distant Origin
32%
B'Elanna reacts to the massacre of the Maquis Extreme Risk
32%
Holograms don't want to be prey anymore Flesh and Blood Parts 1 & 2
32%
Boothby In the Flesh
32%
The Doctor creates a family Real Life
32%
Seska revealed State of Flux
32%
Lucid dreaming Waking Moments
32%
Exit Neelix Homestead
31%
A psychotic Betazoid is on board and killing his crewmates Meld
31%
Neelix and Tom care for a baby together Parturition
31%
B'Elanna activates a robot Prototype
31%
Big Brother is monitoring your thoughts, and B'Elanna gets caught Random Thoughts
31%
Maquis mutiny Repression
31%
No one remembers these aliens Unforgettable
31%
Telepathic pitcher plant Bliss
29%
Ralkana Resistance
29%
Tuvok becomes childlike Riddles
29%
Harry gets an alien STD The Disease
29%
Harry gets trapped by a planetful of beautiful women Favorite Son
28%
These aliens ripped off Benjamin Button Innocence
28%
The Doctor is real and Voyager is holographic (or is it?) Projections
28%
Riley Frazier Unity
28%
Icheb finds his parents Child's Play
26%
Desperate people need a doctor Critical Care
26%
Neelix is too trusting Fair Trade
26%
Weeks pass for Tuvok, Paris, and the Doctor Gravity
26%
A Kazon child's rite of passage Initiations
26%
Janeway gets spiritual Sacred Ground
26%
The Doctor is being controlled by a bomb Warhead
26%
Harry falls for a holo-girl Alter Ego
25%
Ensign Lyndsey Ballard Ashes to Ashes
25%
B'Elanna and Tom get married Drive
25%
Icheb becomes an organ donor Imperfection
25%
Denara Pel Lifesigns
25%
The Kuvah'Magh Prophecy
25%
Hologram squeezes hearts to kill Revulsion
25%
The Doctor x 2 The Swarm
25%
Holographic Barclay Inside Man
23%
B'Elanna and Tom are expecting Lineage
23%
Seska impregnates herself Maneuvers
23%
Crell Moset Nothing Human
23%
Ship from a 2032 Mars mission One Small Step
23%
Prisoner on death row Repentance
23%
Prehensile plant Survival Instinct
23%
Kes' life in reverse Before and After
22%
Seven dates holographic Chakotay Human Error
22%
Harry and Libby are together on Earth Non Sequitur
22%
The Doctor gets to be temporarily organic Body and Soul
18%
The Doctor saves his creator Life Line
18%
Seven may have repressed memories Retrospect
17%
Chakotay and Seven go native Natural Law
15%
No matching quizzes found
Score Distribution
Percent of People with Each Score
Percentile by Number Answered
Your Score History
You have not taken this quiz